000 00318nam a2200109Ia 4500
008 200302s9999 xx 000 0 und d
100 _aErick Templeman and Others
245 _aManufacturing and Design /Understanding the Principles of How Things are made
260 _bElsevier /london
260 _c2014
300 _a297
999 _c3659
_d3659